| 000 | 01006cam a2200277 4500 | ||
|---|---|---|---|
| 008 | 090401t1993 xxu||||| |||| 00| 0 eng d | ||
| 020 | _a187339408X | ||
| 035 | _a(Sirsi) u47907 | ||
| 041 | _aeng | ||
| 050 | _a690.241 | ||
| 100 | _aSwallow, Peter | ||
| 245 | _aMeasurement and recording of historic buildings. | ||
| 260 |
_aLondon _bDonhead Publishing Ltd. _c1993 |
||
| 300 | _a164p. : ill. ; 24cm. | ||
| 350 | _a28.95 | ||
| 520 | _aA practical guide to measured building surveys with a special emphasis on recording the fabric of historic buildings. Begins by describing basic measurement techniques and equipment before moving on to describe advanced methods. | ||
| 520 | _aSuperseded by second edition (ISBN 1873394624). | ||
| 650 | _aHISTORIC BUILDINGS | ||
| 650 | _aMEASURED SURVEYS | ||
| 650 | _aBUILT ENVIRONMENT-BUILDING SURVEYING-STRUCTURAL SURVEYING | ||
| 690 | _aCONSERVATION | ||
| 700 | _aWatt, David S. | ||
| 700 | _aAshton, Robert | ||
| 942 | _n0 | ||
| 948 | _c04/03/1997 | ||
| 999 |
_c92244 _d92244 |
||